000 00460cam a2200169ua 4500
020 _c30.00
041 _aeng
_h
082 _a664.80461
_bARA/PR
100 _aAravindakshan, .
245 _aProcessing and marketing of desicccated coconut /
_cAravindakshan.
_hTextual Documents
260 _aKerala :
_bCoconut Development Board ,
_c1996.
300 _a70 :
_b506 ; .
365 _a30.00
504 _a
942 _cBK
999 _c10516
_d10516